Statistieken voor Moderne landen van Nazi-Duitsland

Klik hier om de quiz te nemen!

Algemene statistieken

  • Deze quiz is 91 keer genomen
  • De gemiddelde score is 19 van 20

Antwoorden op de kaart

Antwoorden kleurgecodeerd door een groen-rode schaal op de quizkaart volgens % correct hieronder.
 

Antwoordstatistieken

Land% Correct
Duitsland
100%
Denemarken
98%
Frankrijk
98%
Nederland
98%
Noorwegen
98%
België
97%
Griekenland
97%
Letland
97%
Litouwen
97%
Oekraïne
97%
Oostenrijk
97%
Polen
97%
Rusland
97%
Estland
95%
Wit-Rusland
95%
Luxemburg
93%
Tsjechië
92%
Servië
85%
Slowakije
85%
Slovenië
83%

Scoreverdeling

Percentiel versus Aantal Correcte Antwoorden

Procent van Mensen met Elke Score

Uw Scoregeschiedenis

U heeft deze quiz nog niet genomen